00430nam a2200169Ia 4500003000400000005001700004008004100021020001500062050002300077100002100100245004200121260003500163300004200198440000600240521000700246526000700253OSt20140319132624.0140130s9999 xx 000 0 und d a0590481401 aPZ 7b.K484Th 1994 aKessler, Leonard cLeonard KessleraThat's not santa! / bScholastic,c1994.aNew York : a1 v. (unpaged) :bcol. ill. ;c23 cm. v1 aBR cBR